<?xml version="1.0" encoding="UTF-8"?>
<record
    xmlns:xsi="http://www.w3.org/2001/XMLSchema-instance"
    xsi:schemaLocation="http://www.loc.gov/MARC21/slim http://www.loc.gov/standards/marcxml/schema/MARC21slim.xsd"
    xmlns="http://www.loc.gov/MARC21/slim">

  <leader>00713nab a2200205uuc4500</leader>
  <controlfield tag="001">1446525</controlfield>
  <controlfield tag="005">20240202124538.0</controlfield>
  <controlfield tag="008">160728s2016                        spa  </controlfield>
  <datafield tag="035" ind1=" " ind2=" ">
    <subfield code="a">1446525</subfield>
  </datafield>
  <datafield tag="040" ind1=" " ind2=" ">
    <subfield code="c">comduadb</subfield>
  </datafield>
  <datafield tag="041" ind1=" " ind2=" ">
    <subfield code="a">spa</subfield>
  </datafield>
  <datafield tag="100" ind1=" " ind2="0">
    <subfield code="a">Candel Sanmart&#xED;n, Miguel,</subfield>
    <subfield code="d">1945-</subfield>
    <subfield code="4">trl</subfield>
    <subfield code="e">trl</subfield>
    <subfield code="9">550784</subfield>
  </datafield>
  <datafield tag="245" ind1="1" ind2="1">
    <subfield code="a">"Federalistas" : un debate cl&#xE1;sico que puede arrojar luz sobre debates de actualidad</subfield>
  </datafield>
  <datafield tag="650" ind1=" " ind2=" ">
    <subfield code="a">Federalismo</subfield>
    <subfield code="9">6408</subfield>
  </datafield>
  <datafield tag="650" ind1=" " ind2=" ">
    <subfield code="a">Constitucionalismo - Espa&#xF1;a</subfield>
    <subfield code="9">165332</subfield>
  </datafield>
  <datafield tag="650" ind1=" " ind2=" ">
    <subfield code="a">Constituci&#xF3;n y democracia</subfield>
    <subfield code="9">79057</subfield>
  </datafield>
  <datafield tag="650" ind1=" " ind2="7">
    <subfield code="a">Historia pol&#xED;tica</subfield>
    <subfield code="2">unescot</subfield>
    <subfield code="9">24713</subfield>
  </datafield>
  <datafield tag="773" ind1="0" ind2=" ">
    <subfield code="t">El Viejo Topo (Barcelona)</subfield>
    <subfield code="g">N&#xFA;mero 341, Junio 2016, 40-44</subfield>
    <subfield code="w">7516</subfield>
    <subfield code="x">0210-2706</subfield>
    <subfield code="0">2936</subfield>
  </datafield>
  <datafield tag="942" ind1=" " ind2=" ">
    <subfield code="c">ARIMP</subfield>
  </datafield>
  <datafield tag="999" ind1=" " ind2=" ">
    <subfield code="c">743375</subfield>
    <subfield code="d">743375</subfield>
  </datafield>
</record>
